000 00488nmm a2200169Ia 4500
008 251105s9999||||xx |||||||||||||||||und||
020 _a9788498950052
041 _aspa
100 _aSaer, Juan José
245 0 _aEl arte de narrar :
_b Poemas 1960 - 1987
264 _a[Madrid, España] :
_bVisor Libros,
_c2008
300 _a174 páginas
490 _aVisor de Poesía
650 _aLatin American poetry
856 _uhttps://public.digitaliapublishing.com/a/41121
942 _cCF
999 _c92108
_d92108